Suurimmat kaupungit kirjaimittain - V - Statistics

Yleistilastot
  • Tätä visaa on pelattu 636 kertaa
  • Keskiarvotulos 5 / 10
Vastaustilastot
Valtio Väkiluku Kaupunki % Oikein
Puola 2,48 milj. Varsova
97%
Kanada 3,03 milj. Vancouver
94%
Venezuela 2,08 milj. Valencia
82%
Espanja 1,90 milj. Valencia
82%
Intia 2,05 milj. Varanasi
38%
Yhdysvallat 1,66 milj. Virginia Beach
26%
Brasilia 1,93 milj. Vitória
14%
Intia 2,35 milj. Vadodara
11%
Intia 2,35 milj. Visakhapatnam
10%
Intia 2,23 milj. Vijayawada
9%
Ehtoja vastaavia visoja ei löytynyt
Tulosjakauma
Jokaisen tuloksen saaneiden osuus
Persentiili vastausten määrän mukaan
Tuloshistoriasi
Et ole pelannut tätä visaa